| 000 | 01378cam a2200385 a 4500 | ||
|---|---|---|---|
| 001 | 12344009 | ||
| 003 | PILC | ||
| 005 | 20160329143519.0 | ||
| 008 | 010312s2001 nyu 000 1 eng | ||
| 010 | _a 2001088568 | ||
| 020 | _a0679432477 | ||
| 020 | _a9780375726408 | ||
| 040 |
_aDLC _cDLC _dDLC |
||
| 043 | _an-us-me | ||
| 050 | 0 | 0 |
_aPS 3568.U812 _b.E4 2001b |
| 082 | 0 | 0 | _a813/.54 |
| 100 | 1 |
_aRusso, Richard, _d1949- |
|
| 245 | 1 | 0 |
_aEmpire falls / _cRichard Russo. |
| 250 | _a1st edition. | ||
| 260 |
_aNew York : _bAlfred A. Knopf, _c2001. |
||
| 300 |
_a483 pages ; _c24 cm. |
||
| 650 | 0 |
_aRestaurants _vFiction. |
|
| 650 | 0 |
_aRestaurateurs _vFiction. |
|
| 650 | 0 |
_aWorking class _vFiction. |
|
| 650 | 0 |
_aFathers and daughters _vFiction. |
|
| 651 | 0 |
_aMaine _vFiction. |
|
| 655 | 7 |
_aPsychological fiction. _2lcsh |
|
| 655 | 7 |
_aDomestic fiction. _2lcsh |
|
| 856 | 4 | 2 |
_3Contributor biographical information _uhttp://www.loc.gov/catdir/bios/random053/2001088568.html |
| 856 | 4 | 1 |
_3Sample text _uhttp://www.loc.gov/catdir/samples/random045/2001088568.html |
| 856 | 4 | 2 |
_3Publisher description _uhttp://www.loc.gov/catdir/description/random0414/2001088568.html |
| 906 |
_a7 _bcbc _corignew _d2 _eepcn _f20 _gy-gencatlg |
||
| 942 |
_2lcc _cBK |
||
| 999 |
_c292854 _d292854 |
||